00281nam a2200121Ia 4500008004100000041001200041082001100053100002000064245004300084250000900127260001600136650000700152221030s9999 xx 000 0 und d aEnglish a105.23 aRajnesh Kumar/1 0aDesigne of 400 KV Transmission Line a1999 aJammuc1999 aEE